|
|
|
|
| LEADER |
01828cas a2200241 a 4500 |
| 001 |
AALejournalIMF008374 |
| 008 |
230101c9999 xx r poo 0 0eng d |
| 020 |
|
|
|c 5.00 USD
|
| 020 |
|
|
|z 9781451844689
|
| 022 |
|
|
|a 1018-5941
|
| 040 |
|
|
|a BD-DhAAL
|c BD-DhAAL
|
| 100 |
1 |
|
|a Cady, John.
|
| 245 |
1 |
4 |
|a The Equilibrium Real Exchange Rate of the Malagasy Franc :
|b Estimation and Assessment /
|c John Cady.
|
| 264 |
|
1 |
|a Washington, D.C. :
|b International Monetary Fund,
|c 2003.
|
| 300 |
|
|
|a 1 online resource (19 pages)
|
| 490 |
1 |
|
|a IMF Working Papers
|
| 500 |
|
|
|a <strong>Off-Campus Access:</strong> No User ID or Password Required
|
| 500 |
|
|
|a <strong>On-Campus Access:</strong> No User ID or Password Required
|
| 506 |
|
|
|a Electronic access restricted to authorized BRAC University faculty, staff and students
|
| 520 |
3 |
|
|a Employing cointegration techniques, the long-run determinants of Madagascar's real exchange rate are examined from a stock-flow perspective. The long-run behavior of the real effective exchange rate is explained by the net foreign asset position and factors affecting trade flows. An index of the long-run equilibrium real exchange rate is developed to assess the degree of misalignment. The general conclusions are that the Malagasy franc has experienced significant misalignment in the past, but that the recent appreciation of the real effective exchange rate is consistent with changes in the fundamentals, particularly anticipated improvements in the net foreign assets position stemming from Madagascar's eligibility for assistance under the enhanced HIPC Initiative.
|
| 538 |
|
|
|a Mode of access: Internet
|
| 830 |
|
0 |
|a IMF Working Papers; Working Paper ;
|v No. 2003/028
|
| 856 |
4 |
0 |
|z Full text available on IMF
|u http://elibrary.imf.org/view/journals/001/2003/028/001.2003.issue-028-en.xml
|z IMF e-Library
|